000
002500000a22000970004500
100
1
_a
Gradwohl, Roland
245
1
0
_a
Drei tage und der dritte tag
300
_a
Vol. 47, Num 3 (Julio, 1997), Páginas 373-378
773
0
_t
Vetus Testamentum
942
_c
ANA
999
_c
58125
_d
58125